000 00661nam a2200241 a 4500
001 13352
003 BD-JhCC
005 20230909125206.0
008 230909b2006 bg |||| ||a| 000 0 ben d
020 _a9846351690
035 _a(BD-JhCC)13352
040 _aBD-JhCC
_dBD-JhCC
041 _abengali
082 _a923
_bISH 2006
100 _aইশতিয়াক, রানা
245 _aঅমর্ত্য সেন /
_cরানা ইশতিয়াক।
260 _aঢাকা:
_bহাতেখড়ি;
_c2006.
300 _a63 p. :
_c22 cm.
600 _aSen, Amarta
650 _aBiography
942 _2ddc
_cBK
999 _c13352
_d13352